Historia de la arquitectura (Registro nro. 8620)
[ vista simple ]
| 000 - LÍDER | |
|---|---|
| campo de control de longitud fija | 00969nam a2200229Ia 4500 |
| 005 - FECHA Y HORA DE LA ÚLTIMA TRANSACCIÓN | |
| campo de control | 20210727153455.0 |
| 008 - ELEMENTOS DE DATOS DE LONGITUD FIJA - INFORMACIÓN GENERAL | |
| campo de control de longitud fija | 170503s2005 xx ao g 000 0 s |
| 020 ## - INTERNATIONAL STANDARD BOOK NUMBER | |
| International Standard Book Number | 3833114037 |
| 041 ## - CÓDIGO DE LENGUAJE | |
| Código de idioma de texto / pista de sonido o título separado | spa |
| 082 04 - NÚMERO DE CLASIFICACIÓN DECIMAL DEWEY | |
| Número de clasificación | 720.9 |
| Número de artículo | G95h |
| 040 ## - FUENTE DE CATALOGACIÓN | |
| Agencia de catalogación original | CO-BoRNBP |
| Lenguaje de catalogación | spa |
| Descripción convenciones | rda |
| Agencia de transcripción | CO-BoRNBP |
| 245 00 - TÍTULO DECLARACIÓN | |
| Título | Historia de la arquitectura |
| Resto del título | de la antigüedad a nuestros días |
| Declaración de responsabilidad | Jan Gympel ; ilustraciones de Christina Melhose |
| 250 ## - DECLARACIÓN DE EDICIÓN | |
| Sentencia de edición | 1a. edición |
| 264 ## - AVISO DE PRODUCCIÓN, PUBLICACIÓN, DISTRIBUCIÓN, FABRICACIÓN Y DERECHOS DE AUTOR | |
| Lugar de producción | Colonia |
| Nombre del productor | Könemann |
| Fecha de producción | 2005 |
| 300 ## - DESCRIPCIÓN FÍSICA | |
| Alcance | 119 páginas |
| Otros datos físicos | ilustraciones., fotos |
| Dimensiones | 30 cm |
| 336 ## - TIPO DE CONTENIDO | |
| Tipo de contenido | texto |
| Código de tipo de contenido | txt |
| Fuente | rdacontent |
| 337 ## - TIPO DE MEDIO | |
| Término del tipo de medio | sin mediación |
| Código de tipo de medio | n |
| Fuente | rdamedia |
| 338 ## - TIPO DE PORTADOR | |
| Término del tipo de operador | volumen |
| Código de tipo de operador | nc |
| Fuente | rdacarrier |
| 500 ## - NOTA GENERAL | |
| Nota general | Incluye glosario |
| 505 ## - NOTA DE CONTENIDO FORMATEADA | |
| Nota sobre el contenido formateado | La antigüedad y el paleocristianismo -- El islam -- El románico -- El gótico -- El renacimiento -- El barroco y el rococó -- El neoclasicismo -- El historicismo y la arquitectura de ingeniería -- Primera mitad del siglo XX -- Segunda mital del siglo XX |
| 942 ## - ELEMENTOS DE ENTRADA AGREGADOS (KOHA) | |
| Fuente de clasificación o esquema de estanterías | Dewey Decimal Classification |
| Tipo de artículo Koha | Libro |
No hay ítems disponibles.